00374nam a2200145Ia 4500003000400000005001700004008004100021020001800062040000900080082001500089100001800104245006700122260003000189300000900219OSt20200707101216.0190216s9999||||xx |||||||||||||| ||und|| a9780582353855 coclc a973bBRO/L aBrogan, Hugh  0aLongman History Of The United States Of America /cHugh Brogan bLongmans,c1985.aLondon: a740p